Statistics for Lombardy Region Quiz

Click here to take the quiz!

General Stats

  • This quiz has been taken 117 times
  • The average score is 12 of 16

Answer Stats

HintAnswer% Correct
Capital and largest cityMilan
99%
Neighboring foreign countrySwitzerland
98%
Pandemic that struck the region and especially Bergamo in 2020Covid-19
90%
City and lake popular with Roman nobility, Romantic authors, and modern celebritiesComo
89%
Major river on the Southern borderPo
89%
Three-time Italian PM, businessman and playboySilvio Berlusconi
78%
Ronaldo, Zanetti, and Matthäus played for this football team based in the capitalInternazionale
77%
Sports event that Monza is most famous for hostingFormula 1
74%
Large lake on the Eastern borderGarda
74%
Stadium of some 80,000 seats used by two major teamsSan Siro
71%
Veiny blue cheese that might be named for a town in the vicinity of the capitalGorgonzola
64%
This Lombardian is history's most famous manufacturer of violinsAntonio Stradivari
62%
Family that ruled the capital from 1450 to 1535Sforza
59%
The region's name dervies from the Germanic Langobard people, known for their long...?Beards
58%
What does the Beretta company from Brescia produce?Firearms
49%
Inventor of the battery and discoverer of methaneAlessandro Volta
46%

Score Distribution

Percentile by Number Answered

Percent of People with Each Score

Your Score History

You have not taken this quiz